000 01285cam a2200397 a 4500
001 4086
003 FISKH
005 20240607110913.0
008 830207s1983 nyua j 000 0 eng
010 _a 82045923
020 _a0690042450 :
020 _a9780064460507
020 _a0690042469 (lib. bdg.) :
040 _aDLC
_cDLC
_dDLC
_beng
042 _alcac
050 0 0 _aGT3933
_b.A54 1983
082 0 0 _a394.1/5
_219
100 0 _aAliki.
245 1 2 _aA medieval feast /
_cwritten and illustrated by Aliki.
250 _a1st ed.
260 _aNew York :
_bHarper Collins,
_c1983.
300 _a26 unnumbered pages :
_bcolor illustrations ;
_c26 cm
505 _aR
520 _aDescribes the preparation and celebration of a medieval feast held at an English manor house entertaining royal guests.
521 8 _a700
_bLexile adjusted
521 8 _aR
_bRaz-Plus
650 0 _aFestivals
_xHistory
_yTo 1500
_vJuvenile literature.
650 0 _aCourts and courtiers
_vJuvenile literature.
650 0 _aCooking, Medieval
_vJuvenile literature.
650 1 _aVisits of state.
650 1 _aCourts and courtiers.
650 1 _aCivilization, Medieval.
906 _a7
_bcbc
_corignew
_d1
_eocip
_f19
_gy-gencatlg
942 _2ddc
_cBK
_n0
999 _c4086
_d4086